Up in the clouds (Record no. 4574)

MARC details
000 -LEADER
fixed length control field 00229nam a22000977a 4500
008 - FIXED-LENGTH DATA ELEMENTS--GENERAL INFORMATION
fixed length control field 161206b xxu||||| |||| 00| 0 eng d
082 ## -
Classification number 823
Item number NOS2505
100 ## - MAIN ENTRY--PERSONAL NAME
9 (RLIN) 1832
Personal name Nosov. N
245 ## - TITLE STATEMENT
Title Up in the clouds
260 ## - PUBLICATION, DISTRIBUTION, ETC. (IMPRINT)
Place of publication, distribution, etc. Mosco
Name of publisher, distributor, etc. Radusa
Holdings
Withdrawn status Lost status Source of classification or shelving scheme Damaged status Koha normalized classification for sorting Not for loan Home library Current library Shelving location Date acquired Total Checkouts Full call number Barcode Date last seen Price effective from Koha item type
    Dewey Decimal Classification   823_000000000000000   Good Samaritan School Library Good Samaritan School Library FICTION 12/06/2016   823 NOS5204 12/06/2016 12/06/2016 BOOK

Powered by Koha